Terbang di awan

Bibliographic Details
Main Author: Husna Alisya (Author)
Format: Book
Published: Johor : Sinaran Ilmu Learning & Consultancy Plt 2022
Subjects:

MARC

LEADER 00000cam a2200000 7i4500
001 0000091030
005 20230220122101.0
008 230219 may
020 |a 9789672785842 
040 |e rda 
041 |a Malay 
090 0 0 |a JP   |b MAL 
100 0 |a Husna Alisya ,   |e (author) 
245 0 0 |a Terbang di awan   |c Husna Alisya 
264 1 |a Johor :   |b Sinaran Ilmu Learning & Consultancy Plt   |c 2022 
300 |a 19 pages :   |b color illustrations ;   |c 20 cm. 
336 |a text  |2 rdacontent 
337 |a unmediated  |2 rdamedia 
338 |a volume  |2 rdacarrier 
500 |a Children age 4-6 years old (yellow) 
541 |a Purchased on 2022   |f 22/62 SIL   |h RM15.00 
650 0 |a Children stories, Malay 
730 0 |a Title 
999 |a 0001712120   |b Book   |c Children Collection   |e Perbadanan Perpustakaan Awam Johor 
999 |a 0001712121   |b Book   |c Children Collection   |e Cawangan Urban Transformation Centre 
999 |a 0001712122   |b Book   |c Children Collection   |e Cawangan AEON Kulaijaya 
999 |a 0001712123   |b Book   |c Children Collection   |e Cawangan Pontian 
999 |a 0001712124   |b Book   |c Children Collection   |e Cawangan Batu Pahat 
999 |a 0001712125   |b Book   |c Children Collection   |e Cawangan Muar 
999 |a 0001712126   |b Book   |c Children Collection   |e Cawangan Kota Tinggi 
999 |a 0001712127   |b Book   |c Children Collection   |e Cawangan Tmn. Ungku Tun Aminah 
999 |a 0001712128   |b Book   |c Children Collection   |e Cawangan Taman Universiti 
999 |a 0001712129   |b Book   |c Children Collection   |e Cawangan Bandar Tenggara 
999 |a 0001712130   |b Book   |c Children Collection   |e Cawangan Segamat 
999 |a 0001712131   |b Book   |c Children Collection   |e Cawangan Taman Sri Lambak 
999 |a 0001712132   |b Book   |c Children Collection   |e Cawangan Tangkak 
999 |a 0001712133   |b Book   |c Children Collection   |e Perbadanan Perpustakaan Awam Johor 
999 |a 0001712134   |b Book   |c Children Collection   |e Cawangan Mersing 
999 |a 0001712135   |b Book   |c Children Collection   |e Cawangan Bukit Gambir 
999 |a 0001712136   |b Book   |c Children Collection   |e Cawangan Bandar Penawar 
999 |a 0001713328   |b Book   |c Children Collection   |e Desa - PPAJ 
999 |a 0001713329   |b Book   |c Children Collection   |e Desa - PPAJ 
999 |a 0001713330   |b Book   |c Children Collection   |e Desa - PPAJ 
999 |a 0001713331   |b Book   |c Children Collection   |e Desa - PPAJ 
999 |a 0001713332   |b Book   |c Children Collection   |e Desa - PPAJ 
999 |a 0001713333   |b Book   |c Children Collection   |e Desa - PPAJ 
999 |a 0001713334   |b Book   |c Children Collection   |e Desa - PPAJ 
999 |a 0001713335   |b Book   |c Children Collection   |e Desa - PPAJ 
999 |a 0001713336   |b Book   |c Children Collection   |e Desa - PPAJ 
999 |a 0001713337   |b Book   |c Children Collection   |e Desa - PPAJ 
999 |a 0001713355   |b Book   |c Children Collection   |e Desa - PPAJ 
999 |a 0001713356   |b Book   |c Children Collection   |e Desa - PPAJ 
999 |a 0001713357   |b Book   |c Children Collection   |e Desa - PPAJ 
999 |a 0001713358   |b Book   |c Children Collection   |e Desa - PPAJ 
999 |a 0001713359   |b Book   |c Children Collection   |e Desa - PPAJ 
999 |a 0001713360   |b Book   |c Children Collection   |e Desa - PPAJ 
999 |a 0001713361   |b Book   |c Children Collection   |e Desa - PPAJ 
999 |a 0001713362   |b Book   |c Children Collection   |e Desa - PPAJ 
999 |a 0001713363   |b Book   |c Children Collection   |e Desa - PPAJ 
999 |a 0001713364   |b Book   |c Children Collection   |e Desa - PPAJ 
999 |a 0001713365   |b Book   |c Children Collection   |e Desa - PPAJ 
999 |a 0001713366   |b Book   |c Children Collection   |e Desa - PPAJ 
999 |a 0001713367   |b Book   |c Children Collection   |e Desa - PPAJ 
999 |a 0001713385   |b Book   |c Children Collection   |e Desa - PPAJ 
999 |a 0001713386   |b Book   |c Children Collection   |e Desa - PPAJ 
999 |a 0001713387   |b Book   |c Children Collection   |e Desa - PPAJ 
999 |a 0001713388   |b Book   |c Children Collection   |e Desa - PPAJ 
999 |a 0001713389   |b Book   |c Children Collection   |e Desa - PPAJ 
999 |a 0001713390   |b Book   |c Children Collection   |e Desa - PPAJ 
999 |a 0001713391   |b Book   |c Children Collection   |e Desa - PPAJ 
999 |a 0001713392   |b Book   |c Children Collection   |e Desa - PPAJ 
999 |a 0001713393   |b Book   |c Children Collection   |e Desa - PPAJ 
999 |a 0001713394   |b Book   |c Children Collection   |e Desa - PPAJ 
999 |a 0001713395   |b Book   |c Children Collection   |e Desa - PPAJ 
999 |a 0001713396   |b Book   |c Children Collection   |e Desa - PPAJ 
999 |a 0001713397   |b Book   |c Children Collection   |e Desa - PPAJ 
999 |a 0001713398   |b Book   |c Children Collection   |e Desa - PPAJ 
999 |a 0001713399   |b Book   |c Children Collection   |e Desa - PPAJ 
999 |a 0001713400   |b Book   |c Children Collection   |e Desa - PPAJ 
999 |a 0001713401   |b Book   |c Children Collection   |e Desa - PPAJ 
999 |a 0001713402   |b Book   |c Children Collection   |e Desa - PPAJ